00380nam a2200145Ia 4500008004100000020001800041041000800059082001800067100001400085245007900099260001800178300000800196365001600204700001400220230718s9999 xx 000 0 und d a9789353949143 aeng a005.13'3bSHA aShaw Z.A. aLearn More Python 3 The Hard WaybThe Next Step For New Python Programmers c2022bPearson a217 cRs.b449.00 aShaw Z.A.